000 00803nam a22002177a 4500
999 _c16291
_d16291
003 AR-CdUCM
008 190503b ||||| |||| 00| 0 spa d
040 _aMUNICIPALIDAD PROVINCIAL DEL CUSCO
_cBIBLIOTECA MUNICIPAL DEL CUSCO
082 _a341 /
_bE61
100 _aEngisch, Karl
_935647
245 _aIntroducción al pensamiento filosófico /
260 _aMadrid :
_bGuadarrama,
_c1967.
300 _a272 páginas ;
_c20 cm.
505 _aContenido : Introducción -- Sentido y estructura de la proposición jurídica -- La obtención de juicios jurídicos concretos desde la proposición jurídica ...
650 _aPensamiento
_9461
650 _aJurídico
_911346
650 _aDerecho
_9739
700 _aGarzon Valdes, Ernesto
_98664
942 _2ddc
_cLIBROS
945 _arah
_d03/05/2019